Statystyki dla Nazwij Stolicę Świata A-Z

Kliknij tutaj aby rozwiązać quiz!

Ogólne statystyki

  • Ten quiz został rozwiązany 26 937 razy
  • Średni wynik to 13 z 25

Statystyki odpowiedzi

LiteraStolica% Poprawnych
BBerlin | Bruksela | Budapeszt | +22
97%
WWarszawa | Wiedeń | Watykan | +6
96%
MMadryt | Moskwa | Mińsk | +16
91%
AAteny | Amsterdam | Andora | +12
89%
PParyż | Praga | Pekin | +15
88%
LLondyn | Lizbona | Luksemburg | +8
84%
KKopenhaga | Kijów | Kair | +12
78%
SSan Marino | Sztokholm | Sofia | +15
75%
RRzym | Ryga | Reykjavik | Rabat | Rijad | Roseau
72%
OOslo | Ottawa
71%
TTokio | Tallinn | Tirana | +9
66%
DDublin | Damaszek | Dżakarta | +7
59%
HHelsinki | Hawana | Hanoi | Harare | Honiara
55%
ZZagrzeb
35%
NNikozja | Nowe Delhi | Nursultan | +8
35%
VVaduz | Valletta | Victoria
34%
CCanberra | Caracas | Chartum | Castries
29%
JJerozolima | Jaunde | Jamusukro
21%
UUłan Bator
17%
QQuito
15%
EErywań
15%
GGwatemala | Georgetown | Gaborone | Gitega
12%
IIslamabad
9%
FFreetown | Funafuti
6%
YYaren
5%

Rozkład punktacji

Percentyl według liczby udzielonych odpowiedzi

Procent ludzi z każdym wynikiem

Twoja historia wyników

Nie rozwiązałeś tego quizu